000 00298nam a22001217a 4500
040 _cRUA
082 _aRUA SIR 2011 C160 Or.
100 _aSIRANET ROEURN,
245 _aCatalogue Sweet Potato Germplasm in Cambodia
260 _aPHNOM PENH
_bRUA
_c2011
300 _a65p.
_bill.
_c29cm.
942 _cREC
999 _c25509
_d25509